000 00264nam a2200109Ia 4500
008 200103s9999||||xx |||||||||||||| ||und||
040 _aIMU-MPC
082 _aColumn-4
100 _aFernandes, Edrich
245 0 _aBridge equipment and watchkeeping notes
942 _cBK
999 _c3165
_d3165